Traffic Engineering (Record no. 543046)
[ view plain ]
| 000 -LEADER | |
|---|---|
| fixed length control field | 00263nam a22001097a 4500 |
| 082 ## - DEWEY DECIMAL CLASSIFICATION NUMBER | |
| Classification number | 388 |
| Author Mark | TRA |
| -- | D |
| 245 ## - TITLE STATEMENT | |
| Title | Traffic Engineering |
| 300 ## - PHYSICAL DESCRIPTION | |
| Extent | verable pages |
| Other physical details | ill, ; |
| Dimensions | 24 cm |
| 526 ## - STUDY PROGRAM INFORMATION NOTE | |
| Program name | 0 |
| Interest level | 0 |
| Reading level | 0 |
| Title point value | 388_000000000000000_TRA |
| 650 ## - SUBJECT ADDED ENTRY--TOPICAL TERM | |
| Topical term or geographic name entry element | MCE (D) |
| 942 ## - ADDED ENTRY ELEMENTS (KOHA) | |
| Source of classification or shelving scheme | |
| Koha item type | Book |
| Withdrawn status | Lost status | Source of classification or shelving scheme | Damaged status | Not for loan | Permanent Location | Current Location | Date acquired | Total Checkouts | Full call number | Barcode | Date last seen | Price effective from | Koha item type |
|---|---|---|---|---|---|---|---|---|---|---|---|---|---|
| Military College of Engineering (MCE) | Military College of Engineering (MCE) | 03/03/2014 | 388 TRA | MCE-41457 | 03/03/2014 | 03/03/2014 | Book |
